[Event "POL-chT 2nd League"]
[Site "Szklarska Poreba"]
[Date "2017.09.09"]
[Round "8.9"]
[White "Korosciel, Aneta"]
[Black "Binkowska, Agata"]
[Result "0-1"]
[WhiteElo "2017"]
[BlackElo "1822"]
[PlyCount "82"]
[EventDate "2017.09.02"]
[EventType "team-swiss"]
[EventRounds "9"]
[EventCountry "POL"]
[SourceTitle "CBM 180 Extra"]
[Source "ChessBase"]
[SourceDate "2017.10.06"]
[SourceVersion "1"]
[SourceVersionDate "2017.10.06"]
[SourceQuality "1"]
[WhiteTeam "Pegow Wieza"]
[BlackTeam "Podlesie UKS 21"]
[WhiteTeamCountry "POL"]
[BlackTeamCountry "POL"]

1. g3 d5 2. Bg2 g6 3. d3 Bg7 4. Nf3 e5 5. 0-0 Ne7 6. Nbd2 0-0 7. e4 c6 8. Re1 Nd7 9. Nb3 h6 10. c3 g5 11. h3 Ng6 12. Nh2 Nf6 13. a4 b6 14. a5 Be6 15. exd5 Bxd5 16. c4 Bxg2 17. Kxg2 c5 18. Qc2 Qd7 19. Be3 Rad8 20. Red1 g4 21. h4 Nh5 22. Kg1 f5 23. axb6 axb6 24. Ra6 Rf6 25. Nf1 f4 26. Bc1 Rd6 27. Re1 Qb7 28. Ra3 Qd7 29. Ra6 Ne7 30. d4 exd4 31. Qe4 Ng6 32. Bd2 fxg3 33. fxg3 Ne5 34. Rea1 Nf3+ 35. Kh1 Re6 36. Qxg4 Nxd2 37. Nbxd2 Nf6 38. Qf5 Rf8 39. Nf3 Qc6 40. Qd3 Ng4 41. Kg2 Ne3+ 0-1

[Event "POL-chT 2nd League"]
[Site "Jastrzebia Gora"]
[Date "2015.09.12"]
[Round "8.30"]
[White "Korosciel, Aneta"]
[Black "Sliwicka, Alicja"]
[Result "0-1"]
[WhiteElo "2036"]
[BlackElo "2003"]
[PlyCount "84"]
[EventDate "2015.09.05"]
[EventType "team-swiss"]
[EventRounds "9"]
[EventCountry "POL"]
[SourceTitle "EXT 2017"]
[Source "ChessBase"]
[SourceDate "2016.10.25"]
[SourceVersion "1"]
[SourceVersionDate "2016.10.25"]
[SourceQuality "1"]
[WhiteTeam "Pegow Wieza"]
[BlackTeam "Zielonka Zieloni"]
[WhiteTeamCountry "POL"]
[BlackTeamCountry "POL"]

1. e4 c5 2. b3 e6 3. Nf3 b6 4. Bb2 Bb7 5. d3 Nf6 6. Be2 Nc6 7. 0-0 Be7 8. Re1 d6 9. Bf1 0-0 10. d4 cxd4 11. Nxd4 Nxd4 12. Qxd4 d5 13. exd5 Bc5 14. Qh4 Nxd5 15. Qg3 Nf6 16. Na3 Qe7 17. Nc4 Rfd8 18. Ne3 Be4 19. Ng4 Bg6 20. Nxf6+ gxf6 21. h4 Rd2 22. Re2 Rd5 23. Qf3 Rc8 24. Bxf6 Qc7 25. Qg4 h5 26. Qh3 Bf5 27. Qh2 Bd6 28. g3 Bg4 29. Re4 Qxc2 30. Rae1 Rf5 31. Bg5 Qxa2 32. Bc4 Bf3 33. Rxe6 fxe6 34. Bxe6+ Kg7 35. Bxf5 Qa5 36. b4 Qxf5 37. Ra1 a5 38. bxa5 bxa5 39. Be3 Be5 40. Re1 a4 41. Bf4 a3 42. Kf1 a2 0-1

[Event "POL-chT 2nd League"]
[Site "Jastrzebia Gora"]
[Date "2015.09.06"]
[Round "2.24"]
[White "Korosciel, Aneta"]
[Black "Dziodzio, Angelika"]
[Result "1/2-1/2"]
[WhiteElo "2036"]
[BlackElo "2095"]
[PlyCount "94"]
[EventDate "2015.09.05"]
[EventType "team-swiss"]
[EventRounds "9"]
[EventCountry "POL"]
[SourceTitle "EXT 2017"]
[Source "ChessBase"]
[SourceDate "2016.10.25"]
[SourceVersion "1"]
[SourceVersionDate "2016.10.25"]
[SourceQuality "1"]
[WhiteTeam "Pegow Wieza"]
[BlackTeam "Rybnik MKSz"]
[WhiteTeamCountry "POL"]
[BlackTeamCountry "POL"]

1. e4 c5 2. b3 Nc6 3. Bb2 d6 4. Bb5 Bd7 5. Nf3 e6 6. 0-0 Nge7 7. Re1 Ng6 8. d4 cxd4 9. Nxd4 a6 10. Bxc6 Bxc6 11. c4 h5 12. Nc3 h4 13. h3 Be7 14. Qg4 Ne5 15. Qe2 g5 16. Nxc6 bxc6 17. Rad1 c5 18. Na4 Qc7 19. Bxe5 dxe5 20. Rd3 Rd8 21. Rxd8+ Qxd8 22. Rd1 Qc7 23. Qd3 Qc6 24. f3 Qc7 25. Kf1 f6 26. Ke2 Rh7 27. Rd2 Bf8 28. Qe3 Rd7 29. Rxd7 Kxd7 30. Qd2+ Kc6 31. Qd3 Be7 32. Ke3 Qa5 33. Ke2 Qb4 34. Qc3 Qxc3 35. Nxc3 Bd8 36. Kd3 Kd6 37. Nd1 Kc6 38. Ne3 Kd6 39. Nc2 a5 40. Ne3 Kc6 41. Kc3 Be7 42. Nc2 Bd6 43. Kd3 Be7 44. Kc3 Bd6 45. Kd3 Be7 46. Kc3 Bd6 47. Kd3 Be7 1/2-1/2